| Tag |
First Indicator |
Second Indicator |
Subfields |
| LEADER |
00000cam a22000004a 4500 |
| 001 |
in00002012171 |
| 005 |
20151031153847.0 |
| 008 |
040305s2004 waua b s001 0 eng |
| 010 |
|
|
|a 2004005245
|
| 020 |
|
|
|a 0295984228 (hardback : alk. paper)
|
| 020 |
|
|
|a 0295984236 (pbk. : alk. paper)
|
| 035 |
|
|
|a (OCoLC)ocm54615922
|
| 040 |
|
|
|a DLC
|c DLC
|d TXA
|d UtOrBLW
|
| 042 |
|
|
|a pcc
|
| 049 |
|
|
|a TXAM
|
| 050 |
0 |
0 |
|a PT2681.E18
|b Z96 2004
|
| 082 |
0 |
0 |
|a 833/.914
|2 22
|
| 245 |
0 |
0 |
|a W.G. Sebald :
|b a critical companion /
|c edited by J.J. Long and Anne Whitehead.
|
| 250 |
|
|
|a 1st ed.
|
| 264 |
|
1 |
|a Seattle :
|b University of Washington Press,
|c [2004]
|
| 264 |
|
4 |
|c ©2004
|
| 300 |
|
|
|a xii, 239 pages :
|b illustrations ;
|c 24 cm.
|
| 336 |
|
|
|a text
|b txt
|2 rdacontent
|
| 337 |
|
|
|a unmediated
|b n
|2 rdamedia
|
| 338 |
|
|
|a volume
|b nc
|2 rdacarrier
|
| 490 |
1 |
|
|a Literary conjugations
|
| 504 |
|
|
|a Includes bibliographical references (pages 221-233) and index.
|
| 505 |
0 |
|
|a Meeting Austerlitz / George Szirtes -- Theoretical reflections on the work of W.G. Sebald / Martin Swales -- On the misery of nature and the nature of misery: W.G. Sebald's landscapes / Greg Bond -- Econcentrism in Sebald's After nature / Colin Riordan -- Ruins and poetics in the works of W.G. Sebald / Simon Ward -- Reading room: erosion and sedimentation in Sebald's Suffolk / John Beck -- Textual wanderings: a vertiginous reading of W.G. Sebald / Massimo Leone -- Sebald's uncanny travels: the impossibility of getting lost / John Zilcosky -- Infinite journey: from Kafka to Sebald / Martin Klebes -- Architecture and cinema: the representation of memory in W.G. Sebald's Austerlitz / Russell J.A. Kilbourn -- Traumatic photographs: remembrance and the technical media in W.G. Sebald's Austerlitz / Carolin Duttlinger -- Taboo and Repression in W.G. Sebald's on the natural history of destruction / Wilfried Wilms -- Seeing things: spectres and angels in W.G. Sebald's prose fiction / Jan Ceuppens -- Facing the past and the female spectre in W.G. Sebald's the emigrants / Maya Barzilai.
|
| 600 |
1 |
0 |
|a Sebald, W. G.
|q (Winfried Georg),
|d 1944-2001
|x Criticism and interpretation.
|
| 700 |
1 |
|
|a Long, J. J.
|q (Jonathan James),
|d 1969-
|
| 700 |
1 |
|
|a Whitehead, Anne,
|d 1971-
|
| 830 |
|
0 |
|a Literary conjugations.
|
| 948 |
|
|
|a cataloged
|b h
|c 2004/12/17
|d c
|e dmitchel
|f 10:00:00 am
|
| 994 |
|
|
|a E0
|b TXA
|
| 999 |
|
|
|a MARS
|
| 999 |
f |
f |
|s 1949bb65-cb90-37c5-b6ae-1f273436984b
|i b583d11c-3286-3161-8642-d74ae55d90a8
|t 0
|
| 952 |
f |
f |
|p normal
|a Texas A&M University
|b College Station
|c Sterling C. Evans Library
|d Evans: Library Stacks
|t 0
|e PT2681.E18 Z96 2004
|h Library of Congress classification
|i unmediated -- volume
|m A14831642565
|
| 998 |
f |
f |
|a PT2681.E18 Z96 2004
|t 0
|l Evans: Library Stacks
|